Obálka Náhled e-knihy:
PDF Epub
Pro půjčování e-knih musíte být přihlášeni.
Jak si půjčit online?

Koruna snů. Nekonečný krok /

Další pokračování původní české fantasy série Koruna snů o světě, z něhož zmizela magie.

Uloženo v:
Série:Koruna snů, část 2
Hlavní autor: Kucin, Jan, 1990- (Autor)
Médium: E-kniha
Jazyk:Czech
Vydáno: Brno : Host, 2023
Vydání:První vydání
Témata:
Příbuzné jednotky:Z cyklu:: Koruna snů
Tagy:
Žádné tagy
LEADER 02633nam a2200409 i 4500
001 312201
003 CZ PrSKC
005 20260601215718.0
007 ta
008 231128s2023 xr g 000 f cze
015 |a cnb003576159 
020 |a 9788027517459  |q (vázáno) 
035 |a (OCoLC)1425860086 
040 |a ABG001  |b cze  |e rda 
072 7 |a 821.162.3-3  |x Česká próza  |2 Konspekt 
080 |a 821.162.3-31  |2 MRF 
080 |a (0:82-312.9)  |2 MRF 
100 1 |a Kucin, Jan,  |d 1990-  |7 xx0264430  |4 aut 
245 1 0 |a Koruna snů.  |p Nekonečný krok /  |c Jan Kucin 
246 3 0 |a Nekonečný krok 
250 |a První vydání 
264 1 |a Brno :  |b Host,  |c 2023 
300 |a 595 stran ;  |c 21 cm 
336 |a text  |b txt  |2 rdacontent 
337 |a bez média  |b n  |2 rdamedia 
338 |a svazek  |b nc  |2 rdacarrier 
520 2 |a Další pokračování původní české fantasy série Koruna snů o světě, z něhož zmizela magie.  |b Tragické události ve městě Poslední Přání donutily Erika a jeho přátele uprchnout a bojovat o holý život. Sourozencům Devě a Kerinovi se tím uzavřela možnost vrátit se do rodné lovecké osady. Všichni společně se tedy vydají na strastiplnou cestu do vytouženého bezpečí Mořské Brány. Královstvím se však už šíří zprávy o probuzené magii a schyluje se k válce. Na Vrbenské vrchovině řádí armáda žoldáků. Dorian a Vladimír Bertonovi se vyrovnávají s následky svých rozhodnutí, pošpiněných krví, drogami a magií. Udržet pohromadě síť intrik a moci je však stále těžší. A démonův vliv se zatím trpělivě plazí po ulicích Mořské Brány. Solomon se vydává na druhý konec světa. Neví proč ani kam přesně. Tíha tisíce let starého světa se v něm pře s touhou konečně všeho nechat. Jenže musí jít dál, i kdyby mu jeho pouť měla nakonec rozervat tělo i duši. Nakladatelská anotace. Kráceno. 
655 7 |a české romány  |7 fd133974  |2 czenas 
655 7 |a fantasy romány  |7 fd184199  |2 czenas 
655 9 |a Czech fiction  |2 eczenas 
655 9 |a fantasy novels  |2 eczenas 
787 0 8 |i Z cyklu:  |t Koruna snů  |g 2 
900 |a ABA001  |b 20 
044 |a xr 
910 |a RBIT002 
998 |d 392118  |a https://core.palmknihy.cz/api/books/392118/cover?s4j3wp  |b https://core.palmknihy.cz/api/books/392118/cover/400?s4j3wp  |c https://core.palmknihy.cz/api/books/392118/cover/50?s4j3wp  |e 2030-12-31  |g 597  |i 9788027517459  |j https://core.palmknihy.cz/api/books/392118/preview.epub  |k https://core.palmknihy.cz/api/books/392118/preview.pdf  |l   |q 49  |r 1  |s https://www.palmknihy.cz/kniha/392118  |t ebook  |y 2023  |z 0  |v Koruna snů  |w 2 
999 |d 312199